| 000 | 01300cam a22003617a 4500 | ||
|---|---|---|---|
| 003 | CHAP | ||
| 005 | 20220817044006.0 | ||
| 008 | 050215d2003 mx r 00110 spa d | ||
| 010 | _a89557 | ||
| 011 | _a90529 | ||
| 020 | _a9707013958 | ||
| 035 | _a101085 | ||
| 040 | _cCHAP | ||
| 082 | 0 | 4 |
_a378 _bB8 |
| 100 | 0 | 0 |
_aBurgos, Benjamín _bcoord. _916176 |
| 245 | 1 | 0 |
_aEstructura económica y demanda de educación superior en el noroeste de México _c/coord. por Benjamín Burgos, Alejandro Mungaray y Juan Manuel Ocegueda |
| 260 |
_aMéxico, D. F. : _bAsociación Nacional de Universidades e Institutos de Educación Superior, _c2003. |
||
| 300 | _a323 p. | ||
| 490 | 0 | _aProblemas educativos de México | |
| 590 |
_aBATCH-UPD _b10 _c20130110 _lUCH01 _h0656 |
||
| 590 |
_aBATCH-UPD _b10 _c20130110 _lUCH01 _h2337 |
||
| 590 |
_aBATCH-UPD _b10 _c20130410 _lUCH01 _h0341 |
||
| 590 |
_aBATCH-UPD _b10 _c20130914 _lUCH01 _h0756 |
||
| 590 |
_aCONVERSION _b10 _c20130109 _lUCH01 _h1350 |
||
| 650 | 1 | 4 | _aEducación superior. |
| 700 | 0 |
_aMungaray, Alejandro _979484 |
|
| 700 | 0 |
_aOcegueda, Juan Manuel _982644 |
|
| 830 | 0 | 0 |
_aProblemas educativos de México _991700 |
| 901 | _aBK | ||
| 905 | _aLilia | ||
| 942 | _cLIBRO | ||
| 949 |
_a378 B8 _bBC _cLIBRO _d33724000933511 _eLIBRO _h105031 _i101085 _sb |
||
| 999 |
_c89557 _d89557 |
||